| 000 | 01014nam a2200277 a 4500 | ||
|---|---|---|---|
| 001 | 000034937 | ||
| 005 | 20200930074010.0 | ||
| 008 | 111021s1959 ag 000 0 spa d | ||
| 040 |
_aDO-SdBNP _bspa _cBNPHU |
||
| 082 |
_a570.1 _bD843L, 1959 |
||
| 100 | 1 |
_aDucrocq, Albert, _d1921-2001 _960507 |
|
| 240 | 1 | 0 |
_aLogique de la vie _lEspañol |
| 245 | 1 | 3 |
_aLa lógica de la vida / _cAlbert Ducrocq ; traducción Ana P. de Bonfanti. |
| 260 |
_aBuenos Aires, Argentina : _bCompañia General Fabril Editora, _c1959. |
||
| 300 |
_a242 p. ; _c19 cm. |
||
| 490 | 1 | _aExperiencia | |
| 504 | _aIncluye referencias bibliográficas y notas al pie de las páginas. | ||
| 500 | _aTraducido del francés. | ||
| 590 | _aPerteneció a la biblioteca personal de Juan Isidro Jimenes Grullón. | ||
| 650 | 4 |
_aVida (biología) _960508 |
|
| 650 | 4 |
_aEvolución _97386 |
|
| 650 | 4 |
_aCibernética _96151 |
|
| 700 | 1 | 2 |
_aBonfanti, Ana P. de, _etr. _960509 |
| 830 | 0 |
_aExperiencia _960510 |
|
| 910 | _aValidado. Control de calidad BNPHU | ||
| 999 |
_c34428 _d34428 |
||